000 00858cam a2200277 a 4500
001 1442896
003 OSt
005 20170224101500.0
008 850809s1986 njua b 001 0 eng
010 _a 85019174
020 _a0205350291
040 _aDLC
_cDLC
_dDLC
043 _an-us---
050 0 0 _aLC3981
_b.H34 1986
082 0 0 _a371.9
_219
100 1 _aHallahan, Daniel P.,
_d1944-
245 1 0 _aExceptional children :
_bintroduction to special education /
_cDaniel P. Hallahan, James M. Kauffman.
250 _a3rd ed.
260 _aEnglewood Cliffs, N.J. :
_bPrentice-Hall,
_cc1986.
300 _axv, 493 p. :
_bill. ;
_c25 cm.
504 _aIncludes bibliographies and indexes.
650 0 _aSpecial education
_zUnited States.
700 1 _aKauffman, James M.
906 _a7
_bcbc
_corignew
_d1
_eocip
_f19
_gy-gencatlg
942 _2lcc
_cBK
999 _c255660
_d255659